| 000 | 01928cam a22003495a 4500 | ||
|---|---|---|---|
| 001 | 12786721 | ||
| 003 | ASAB | ||
| 005 | 20180827062627.0 | ||
| 008 | 020523s1999 at a b 001 0 eng d | ||
| 010 | _a 2002391909 | ||
| 020 | _a9057005212 | ||
| 040 |
_aTEF _cASAB _dDLC |
||
| 042 | _alccopycat | ||
| 050 | 0 | 0 |
_aT14.5 _b.G67 1999 |
| 082 | 0 | 0 |
_a303.48 _221 |
| 100 | 1 |
_aGoonatilake, Susantha. _91761 |
|
| 245 | 1 | 0 |
_aMerged evolution : _blong-term implications of biotechnology and information technology / _cSusantha Goonatilake. |
| 260 |
_aAustralia : _bGordon and Breach, _cc1999. |
||
| 300 |
_axii, 268 p. : _bill. ; _c24 cm. |
||
| 440 | 0 |
_aWorld futures general evolution studies, _x1043-9331 ; _vv. 14 _91762 |
|
| 504 | _aIncludes bibliographical references (p. 221-253) and index. | ||
| 505 | 8 | _aMachine generated contents note: I THREE LINEAGES AND TWO TECHNOLOGIES 11 --1 Biological Evolution: The Genetic Lineage 13 --2 The Cultural Stream of Science 23 --3 The Computer Information Flowline 35 --4 The Exosomatic Lineage Develops Its Autonomy 47 --5 Biotechnology -- 71 -- II THE THREE LINEAGES MERGE 85 --6 The Merging of Culture and Artificial Information 87 --7 The Merging of Culture and Genes 117 --8 The Merging of Biology and Computing 147 --III CONSEQUENCES 165 --9 The Macro Properties of Merged Evolution 167 --10 An Extended Sociology: The Structure -- of New "Communities" 197. | |
| 650 | 0 |
_aTechnology _xSocial aspects. _91763 |
|
| 650 | 0 |
_aBiotechnology. _91764 |
|
| 650 | 0 |
_aInformation technology. _91765 |
|
| 650 | 0 |
_aEvolution. _91766 |
|
| 856 | 4 | 1 |
_3Table of contents only _uhttp://www.loc.gov/catdir/toc/fy031/2002391909.html |
| 856 | 4 | 2 |
_3Publisher description _uhttp://www.loc.gov/catdir/enhancements/fy0653/2002391909-d.html |
| 906 |
_a7 _bcbc _ccopycat _d2 _encip _f20 _gy-gencatlg |
||
| 942 |
_2ddc _cBK |
||
| 999 |
_c480061 _d480061 |
||